[Event "Arco op 45th"]
[Site "Arco"]
[Date "2023.10.13"]
[Round "7"]
[White "Molina, Fabrizio"]
[Black "Kempe, Caius Emilian"]
[Result "1-0"]
[WhiteElo "2161"]
[BlackElo "2026"]
[PlyCount "69"]
[EventDate "2023.10.07"]
[EventType "swiss"]
[EventRounds "9"]
[EventCountry "ITA"]
[SourceTitle "Mega2024 Update 01"]
[Source "Chessbase"]
[SourceDate "2023.11.12"]
[SourceVersion "1"]
[SourceVersionDate "2023.11.12"]
[SourceQuality "1"]

1. Nf3 d5 2. e3 c5 3. b3 g6 4. Bb2 Nf6 5. c4 Bg7 6. cxd5 0-0 7. Bxf6 exf6 8. Nc3 f5 9. Bc4 Nd7 10. 0-0 a6 11. a4 Qc7 12. Rc1 f4 13. Ne4 b6 14. d4 Bb7 15. dxc5 bxc5 16. Qd3 h6 17. Rfe1 fxe3 18. Rxe3 Qb6 19. Rce1 Rad8 20. Nc3 Qa5 21. d6 Kh7 22. Ne4 Bxe4 23. Rxe4 Bf6 24. h4 Qc3 25. Qxc3 Bxc3 26. Rd1 a5 27. Re7 Kg7 28. Bb5 Nb6 29. d7 Nc8 30. Re3 Bb4 31. Ne5 Ne7 32. g3 Nf5 33. Red3 Nd4 34. Nf3 Ne6 35. Bc4 1-0

[Event "Arco op 45th"]
[Site "Arco"]
[Date "2023.10.11"]
[Round "5"]
[White "Clech, Jean Louis"]
[Black "Molina, Fabrizio"]
[Result "0-1"]
[WhiteElo "1880"]
[BlackElo "2161"]
[PlyCount "64"]
[EventDate "2023.10.07"]
[EventType "swiss"]
[EventRounds "9"]
[EventCountry "ITA"]
[SourceTitle "Mega2024 Update 01"]
[Source "Chessbase"]
[SourceDate "2023.11.12"]
[SourceVersion "1"]
[SourceVersionDate "2023.11.12"]
[SourceQuality "1"]

1. d4 d5 2. Bf4 e6 3. e3 Nf6 4. Nd2 Bd6 5. Bg3 0-0 6. Bd3 c5 7. c3 Qc7 8. dxc5 Qxc5 9. Ngf3 Nbd7 10. Qe2 Qc7 11. e4 e5 12. 0-0 dxe4 13. Nxe4 Nxe4 14. Qxe4 g6 15. Rfe1 Nc5 16. Qe2 Nxd3 17. Qxd3 Bf5 18. Qe3 f6 19. h3 Bc5 20. Qe2 Rad8 21. Red1 Qb6 22. Rxd8 Rxd8 23. Rd1 Be6 24. Rxd8+ Qxd8 25. Qb5 Bb6 26. a4 Qd7 27. Qb4 Bd8 28. Qa3 Be7 29. Qa1 a5 30. Bh4 Bb3 31. g4 Qd5 32. Kg2 Bd1 0-1

[Event "EU-ch Seniors 50 22nd"]
[Site "Acqui Terme"]
[Date "2023.05.26"]
[Round "1"]
[White "Degiorgis, Giorgio"]
[Black "Molina, Fabrizio"]
[Result "0-1"]
[WhiteElo "1765"]
[BlackElo "2131"]
[PlyCount "120"]
[EventDate "2023.05.26"]
[EventType "swiss"]
[EventRounds "9"]
[EventCountry "ITA"]
[SourceTitle "CBM 214 Extra"]
[Source "ChessBase"]
[SourceDate "2023.07.31"]
[SourceVersion "1"]
[SourceVersionDate "2023.07.31"]
[SourceQuality "1"]

1. d4 d6 2. c4 e5 3. dxe5 dxe5 4. Qxd8+ Kxd8 5. Nc3 c6 6. e4 Be6 7. Nf3 f6 8. Be2 Nd7 9. 0-0 Kc7 10. a3 a5 11. Be3 a4 12. Rac1 Bc5 13. Bxc5 Nxc5 14. Rfd1 b6 15. Nd2 Ne7 16. Nf1 Nc8 17. Ne3 Nd6 18. f3 Rhd8 19. Na2 Nb3 20. Rc3 Nd4 21. Bf1 Bf7 22. Nb4 Nb7 23. Nbc2 Nc5 24. Ne1 Rd7 25. Nd3 Ncb3 26. Nc1 Na5 27. Kf2 Rad8 28. Ne2 Kb8 29. Rcd3 Nxc4 30. Nxd4 exd4 31. Nxc4 Bxc4 32. R3d2 Bxf1 33. Kxf1 c5 34. Rc1 Rc8 35. Rdc2 Rdc7 36. Ke2 c4 37. Rd2 Rd7 38. Rcd1 Rcd8 39. g4 Kb7 40. f4 Kc6 41. Kf3 Kc5 42. h4 b5 43. g5 b4 44. axb4+ Kxb4 45. e5 fxe5 46. fxe5 d3 47. Re1 Rd4 48. Re4 Kc5 49. Ke3 Rxe4+ 50. Kxe4 Rd4+ 51. Kf5 Kd5 52. Rd1 Re4 53. Ra1 Rxe5+ 54. Kf4 Re2 55. Kf3 Rxb2 56. Rxa4 d2 57. Ke2 c3 58. Ra7 Rb1 59. Rd7+ Ke6 60. Rd3 Re1+ 0-1

[Event "Arco op 44th"]
[Site "Arco"]
[Date "2022.10.13"]
[Round "6"]
[White "Molina, Fabrizio"]
[Black "Pleyer, Christian"]
[Result "1-0"]
[WhiteElo "2128"]
[BlackElo "1867"]
[PlyCount "109"]
[EventDate "2022.10.08"]
[EventType "swiss"]
[EventRounds "9"]
[EventCountry "ITA"]
[SourceTitle "CBM 210 Extra"]
[Source "ChessBase"]
[SourceDate "2022.11.30"]
[SourceVersion "1"]
[SourceVersionDate "2022.11.30"]
[SourceQuality "1"]

1. Nf3 c5 2. c4 Nc6 3. g3 Nf6 4. Bg2 g6 5. b3 Bg7 6. Bb2 0-0 7. 0-0 d6 8. e3 Qc7 9. Nc3 a6 10. Qe2 Re8 11. Rad1 e5 12. d3 Bd7 13. h3 Rab8 14. Ng5 Ne7 15. Qd2 Bc6 16. e4 h6 17. Nf3 Kh7 18. Nh2 Nfg8 19. f4 Rf8 20. f5 Qd7 21. h4 b5 22. Bh3 Qb7 23. Nd5 Nxd5 24. cxd5 Bd7 25. Rf2 gxf5 26. exf5 f6 27. Bg2 Ne7 28. Qe2 Be8 29. g4 Bf7 30. g5 Bxd5 31. Qh5 Bxg2 32. g6+ Kh8 33. Rxg2 Rbd8 34. Bc1 Ng8 35. Ng4 Rd7 36. Nxh6 Nxh6 37. Bxh6 Bxh6 38. Qxh6+ Kg8 39. Rdd2 Rg7 40. Qe3 Qd5 41. Rg4 Rc8 42. h5 c4 43. dxc4 Qc5 44. Qxc5 dxc5 45. h6 Re7 46. Rd6 e4 47. Kf2 bxc4 48. bxc4 e3+ 49. Ke2 Rb8 50. Re6 Rxe6 51. fxe6 f5 52. Rf4 Rb6 53. Rxf5 Rxe6 54. Rg5 a5 55. a4 1-0

[Event "Arco op 44th"]
[Site "Arco"]
[Date "2022.10.12"]
[Round "5"]
[White "Csontos, Aron"]
[Black "Molina, Fabrizio"]
[Result "0-1"]
[WhiteElo "1962"]
[BlackElo "2128"]
[PlyCount "118"]
[EventDate "2022.10.08"]
[EventType "swiss"]
[EventRounds "9"]
[EventCountry "ITA"]
[SourceTitle "CBM 210 Extra"]
[Source "ChessBase"]
[SourceDate "2022.11.30"]
[SourceVersion "1"]
[SourceVersionDate "2022.11.30"]
[SourceQuality "1"]

1. e4 d6 2. d4 Nf6 3. Nc3 e5 4. Nf3 Nbd7 5. Bc4 Be7 6. h3 0-0 7. 0-0 c6 8. a4 h6 9. Be3 Re8 10. Re1 Bf8 11. a5 Qc7 12. Nd2 exd4 13. Bxd4 Ne5 14. Bb3 Be6 15. Bxe6 Rxe6 16. f4 Ned7 17. Qf3 d5 18. exd5 Rxe1+ 19. Rxe1 cxd5 20. Nxd5 Qxa5 21. Nxf6+ Nxf6 22. Bc3 Qd5 23. Bxf6 Qxd2 24. Bc3 Qxc2 25. Qxb7 Bc5+ 26. Kh2 Rd8 27. Qc7 Bb6 28. Qe5 Qg6 29. f5 Qd6 30. Qxd6 Rxd6 31. Re8+ Kh7 32. Re7 Kg8 33. g4 Rc6 34. Kg2 Kf8 35. Re4 f6 36. Bb4+ Kg8 37. Re8+ Kh7 38. Kf3 Bd4 39. Bf8 Bxb2 40. Re7 Ba3 41. Re8 Rc3+ 42. Kg2 Rc2+ 43. Kg3 Bb2 44. Re7 Rc7 45. Rxc7 Be5+ 46. Kf3 Bxc7 47. h4 a5 48. h5 Kg8 49. Bc5 Kf7 50. Ke4 Bd8 51. Kd5 Be7 52. Bd4 Ke8 53. Kc6 a4 54. Bc3 a3 55. Bd2 a2 56. Bc3 Bb4 57. Bb2 Ke7 58. Kd5 Bd6 59. Kc4 Be5 0-1

[Event "Arco op 44th"]
[Site "Arco"]
[Date "2022.10.10"]
[Round "3"]
[White "Zeller, Frank"]
[Black "Molina, Fabrizio"]
[Result "1-0"]
[WhiteElo "2346"]
[BlackElo "2128"]
[PlyCount "51"]
[EventDate "2022.10.08"]
[EventType "swiss"]
[EventRounds "9"]
[EventCountry "ITA"]
[SourceTitle "CBM 210 Extra"]
[Source "ChessBase"]
[SourceDate "2022.11.30"]
[SourceVersion "1"]
[SourceVersionDate "2022.11.30"]
[SourceQuality "1"]

1. e4 d6 2. d4 Nf6 3. Nc3 e5 4. Nf3 Nbd7 5. Bc4 Be7 6. 0-0 0-0 7. Re1 c6 8. a4 b6 9. h3 a6 10. Ba2 Rb8 11. Be3 b5 12. axb5 axb5 13. b4 Qc7 14. Qd3 exd4 15. Bxd4 Ne5 16. Qe2 Nfd7 17. Nh2 Bf6 18. Rad1 Re8 19. Qf1 Nf8 20. f4 Ned7 21. e5 Bh4 22. exd6 Rxe1 23. Qxe1 Qxd6 24. Qxh4 Qxb4 25. Nf3 c5 26. Qe7 1-0

[Event "Imola op 3rd"]
[Site "Imola"]
[Date "2021.12.08"]
[Round "5"]
[White "Molina, Fabrizio"]
[Black "Martinovici, Ilie"]
[Result "0-1"]
[WhiteElo "2157"]
[BlackElo "2395"]
[PlyCount "74"]
[EventDate "2021.12.06"]
[EventType "swiss"]
[EventRounds "5"]
[EventCountry "ITA"]
[SourceTitle "CBM 205 Extra"]
[Source "ChessBase"]
[SourceDate "2022.01.31"]
[SourceVersion "1"]
[SourceVersionDate "2022.01.31"]
[SourceQuality "1"]

1. c4 Nf6 2. Nc3 e6 3. e4 d5 4. e5 d4 5. exf6 dxc3 6. fxg7 cxd2+ 7. Bxd2 Bxg7 8. Qb3 Nc6 9. Nf3 a5 10. Rd1 Qe7 11. Bd3 a4 12. Qb5 e5 13. 0-0 0-0 14. Be4 f5 15. Bg5 Qe8 16. Bxc6 bxc6 17. Qc5 Qg6 18. Bc1 f4 19. Kh1 Re8 20. Qa3 Bg4 21. h3 Qh5 22. Rde1 Re6 23. Nh2 Be2 24. Rg1 Bxc4 25. Ng4 Bd5 26. f3 Rae8 27. Nf2 Bf8 28. Qc3 Bxa2 29. Ne4 Bd5 30. Re2 Rb8 31. Qa5 Bd6 32. Qxa4 Rg6 33. Qa7 Rf8 34. Qf2 Kh8 35. Bd2 Rfg8 36. Bc3 Be6 37. h4 Rg3 0-1

[Event "Arco op 43rd"]
[Site "Arco"]
[Date "2021.10.15"]
[Round "7"]
[White "Molina, Fabrizio"]
[Black "Pasini, Nicolo"]
[Result "1/2-1/2"]
[WhiteElo "2178"]
[BlackElo "2251"]
[PlyCount "111"]
[EventDate "2021.10.09"]
[EventType "swiss"]
[EventRounds "9"]
[EventCountry "ITA"]
[SourceTitle "CBM 204 Extra"]
[Source "ChessBase"]
[SourceDate "2021.11.30"]
[SourceVersion "1"]
[SourceVersionDate "2021.11.30"]
[SourceQuality "1"]

1. c4 c5 2. g3 g6 3. Bg2 Nc6 4. Nc3 Bg7 5. e4 a6 6. d3 b5 7. Rb1 Rb8 8. Nge2 bxc4 9. dxc4 d6 10. 0-0 Nf6 11. b3 0-0 12. h3 Ne8 13. Bb2 Nc7 14. Nd5 Ne6 15. Bxg7 Kxg7 16. Qd2 Ned4 17. Nxd4 Nxd4 18. f4 a5 19. Rbe1 e6 20. Nc3 f6 21. Ne2 e5 22. Kh2 Be6 23. f5 gxf5 24. Nxd4 cxd4 25. exf5 Bg8 26. Re4 Kh8 27. Rg4 Rf7 28. Qh6 Qf8 29. Qd2 Ra7 30. Rc1 Rc8 31. Re4 d5 32. cxd5 Bxd5 33. Ree1 Bxg2 34. Kxg2 Rac7 35. Rxc7 Rxc7 36. Rc1 Qc8 37. Rxc7 Qxc7 38. Kf2 Qd8 39. Qd3 Qd5 40. Qc4 Qd7 41. Qd3 Kg7 42. Qe4 Qc7 43. g4 Qc3 44. h4 Qd2+ 45. Kg3 d3 46. Qb7+ Kh6 47. g5+ fxg5 48. Qc6+ Kh5 49. Qe8+ Kh6 50. Qf8+ Kh5 51. Qf7+ Kh6 52. Qf6+ Kh5 53. Qf7+ Kh6 54. Qf6+ Kh5 55. Qf7+ Kh6 56. Qf6+ 1/2-1/2

[Event "Arco op 42nd"]
[Site "Arco"]
[Date "2020.10.14"]
[Round "5.11"]
[White "Molina, Fabrizio"]
[Black "Wollenweber, Carsten"]
[Result "1-0"]
[WhiteElo "2181"]
[BlackElo "2071"]
[PlyCount "81"]
[EventDate "2020.10.10"]
[EventType "swiss"]
[EventRounds "9"]
[EventCountry "ITA"]
[SourceTitle "CBM 198 Extra"]
[Source "ChessBase"]
[SourceDate "2020.11.30"]
[SourceVersion "1"]
[SourceVersionDate "2020.11.30"]
[SourceQuality "1"]

1. c4 g6 2. g3 e5 3. Bg2 Bg7 4. Nc3 Nc6 5. Rb1 d6 6. b4 Rb8 7. d3 f5 8. b5 Nce7 9. Qa4 Ra8 10. b6+ c6 11. Nd5 Nxd5 12. cxd5 Bd7 13. dxc6 bxc6 14. b7 Rb8 15. Qxa7 Ne7 16. Bd2 0-0 17. Ba5 Qe8 18. Nh3 f4 19. Ng5 d5 20. 0-0 h6 21. Nf3 e4 22. dxe4 dxe4 23. Nd2 f3 24. exf3 exf3 25. Nxf3 Nd5 26. Rfe1 Qf7 27. Ne5 Qf5 28. Nxd7 Qxd7 29. Bxd5+ cxd5 30. Bd2 g5 31. a4 d4 32. a5 Qf5 33. Rf1 Be5 34. Qc5 Qf6 35. Qd5+ Kg7 36. Rb6 Qf5 37. Re6 Rbe8 38. Rxe8 Rxe8 39. a6 Qf6 40. a7 Rd8 41. Qe4 1-0

[Event "EU-ch Online U2300 Qual"]
[Site "Chess.com INT"]
[Date "2020.05.25"]
[Round "7"]
[White "Lucchi, Lorenzo"]
[Black "Molina, Fabrizio"]
[Result "1-0"]
[WhiteElo "2111"]
[BlackElo "2181"]
[PlyCount "45"]
[EventDate "2020.05.25"]
[EventType "swiss"]
[EventRounds "8"]
[EventCountry "NET"]
[SourceTitle "EXT 2021"]
[Source "ChessBase"]
[SourceDate "2020.10.23"]
[SourceVersion "1"]
[SourceVersionDate "2020.10.23"]
[SourceQuality "1"]

1. d4 Nf6 2. c4 e6 3. Nc3 d5 4. Bf4 a6 5. e3 dxc4 6. Bxc4 b5 7. Bb3 Bb7 8. Nf3 Nbd7 9. 0-0 Be7 10. Bc2 c5 11. e4 0-0 12. d5 exd5 13. Nxd5 Nxd5 14. exd5 Nf6 15. d6 Nd5 16. dxe7 Qxe7 17. Qd3 g6 18. Rfe1 Qf6 19. Bg5 Qc6 20. Ne5 Qb6 21. Nd7 Qc6 22. Qxd5 Qxd5 23. Nf6+ 1-0

[Event "Ortisei Server24 op 4th"]
[Site "Ortisei"]
[Date "2018.06.23"]
[Round "8"]
[White "Tarlev, Konstantin"]
[Black "Molina, Fabrizio"]
[Result "1-0"]
[WhiteElo "2552"]
[BlackElo "2212"]
[PlyCount "111"]
[EventDate "2018.06.16"]
[EventType "tourn"]
[EventRounds "9"]
[EventCountry "ITA"]
[SourceTitle "CBM 185 Extra"]
[Source "ChessBase"]
[SourceDate "2018.07.29"]
[SourceVersion "1"]
[SourceVersionDate "2018.07.29"]
[SourceQuality "1"]

1. Nf3 Nf6 2. g3 d5 3. Bg2 Bf5 4. c4 c6 5. cxd5 cxd5 6. Qb3 Qb6 7. Qxb6 axb6 8. d3 Nc6 9. Nc3 e6 10. Nh4 Nd4 11. Rb1 Bg4 12. h3 Bh5 13. g4 Bg6 14. Nxg6 hxg6 15. e3 Nc6 16. a3 Be7 17. b4 0-0 18. Ke2 Rfc8 19. Rb3 Ne8 20. Bd2 Nd6 21. Rc1 Kh7 22. Kd1 Ne5 23. Ne2 Rxc1+ 24. Bxc1 Nb5 25. Nc3 Nd6 26. Ke2 Rc8 27. Bd2 Ra8 28. Bf1 f5 29. Bg2 Nc6 30. Kd1 Rf8 31. gxf5 gxf5 32. Na4 Bd8 33. b5 Na7 34. Nc3 Bh4 35. Ke1 Rf6 36. a4 Nac8 37. Ne2 f4 38. exf4 Nf5 39. Bf3 Rf8 40. Bg4 Nce7 41. Bb4 Ra8 42. Ra3 Kg6 43. Kf1 Kf7 44. Bd2 Bf6 45. Be3 d4 46. Bd2 Nd5 47. Bf3 Nfe7 48. Be4 Rh8 49. a5 bxa5 50. Rxa5 Rd8 51. Ra7 Rd7 52. Ba5 Nc3 53. Bc6 Rd6 54. Rxb7 Ncd5 55. Ng3 Kg6 56. Be8+ 1-0

[Event "Ortisei Server24 op 4th"]
[Site "Ortisei"]
[Date "2018.06.21"]
[Round "6"]
[White "Tan, Justin Hy"]
[Black "Molina, Fabrizio"]
[Result "0-1"]
[WhiteElo "2484"]
[BlackElo "2212"]
[PlyCount "94"]
[EventDate "2018.06.16"]
[EventType "tourn"]
[EventRounds "9"]
[EventCountry "ITA"]
[SourceTitle "CBM 185 Extra"]
[Source "ChessBase"]
[SourceDate "2018.07.29"]
[SourceVersion "1"]
[SourceVersionDate "2018.07.29"]
[SourceQuality "1"]

1. e4 d6 2. d4 Nf6 3. Nc3 e5 4. Nf3 Nbd7 5. Bc4 Be7 6. 0-0 0-0 7. h3 c6 8. a4 b6 9. Qe2 Qc7 10. Rd1 a6 11. Ba2 Rb8 12. Be3 b5 13. axb5 axb5 14. b4 d5 15. Nxe5 Bxb4 16. Qd3 Bxc3 17. Qxc3 Nxe5 18. Bf4 Nxe4 19. Qe3 Qe7 20. f3 Ra8 21. dxe5 Nc5 22. Bg5 Qa7 23. Bxd5 Qxa1 24. Rxa1 Rxa1+ 25. Kh2 cxd5 26. Qxc5 Be6 27. Qxb5 Rc8 28. Be3 Ra2 29. c3 h6 30. Bd4 Rca8 31. Qb7 R8a4 32. Qb8+ Kh7 33. Qb5 Ra8 34. Be3 Kg8 35. Qb7 R8a3 36. Qb8+ Kh7 37. Qb1+ Kg8 38. Bc5 Ra4 39. f4 d4 40. Bxd4 Bd5 41. Kg3 Rxg2+ 42. Kh4 Raa2 43. Be3 Bf3 44. Qb8+ Kh7 45. e6 g5+ 46. fxg5 Ra4+ 47. Qf4 hxg5# 0-1

[Event "Lugano Paradiso op 11th"]
[Site "Lugano"]
[Date "2018.05.11"]
[Round "1"]
[White "Paleologu, Vladimir"]
[Black "Molina, Fabrizio"]
[Result "0-1"]
[WhiteElo "2130"]
[BlackElo "2208"]
[PlyCount "69"]
[EventDate "2018.05.11"]
[EventType "swiss"]
[EventRounds "5"]
[EventCountry "SUI"]
[SourceTitle "CBM 184 Extra"]
[Source "ChessBase"]
[SourceDate "2018.06.28"]
[SourceVersion "1"]
[SourceVersionDate "2018.06.28"]
[SourceQuality "1"]

1. e4 d6 2. d4 Nf6 3. Nc3 e5 4. Nge2 Nbd7 5. g3 Be7 6. Bg2 0-0 7. 0-0 c6 8. h3 h5 9. f4 b5 10. Be3 Qc7 11. Nb1 a5 12. c3 Ba6 13. b4 Rfe8 14. a3 Bf8 15. Nd2 Bb7 16. Qc2 Ra6 17. Rae1 Rea8 18. Nc1 axb4 19. axb4 c5 20. bxc5 exd4 21. cxd4 dxc5 22. dxc5 Bxc5 23. Kh2 Qb6 24. Rf3 Rc8 25. Bxc5 Qxc5 26. Qb3 Ng4+ 27. hxg4 hxg4 28. Rfe3 Rac6 29. Qb1 Nf8 30. Ncb3 Qb6 31. Qa1 Rh6+ 32. Kg1 Rc2 33. Qa5 Qg6 34. Nd4 Rc5 35. Nf5 0-1

[Event "Forni di Sopra op 8th"]
[Site "Forni di Sopra"]
[Date "2017.06.11"]
[Round "2"]
[White "Anurag, Mhamal"]
[Black "Molina, Fabrizio"]
[Result "1-0"]
[WhiteElo "2466"]
[BlackElo "2237"]
[PlyCount "59"]
[EventDate "2017.06.10"]
[EventType "swiss"]
[EventRounds "9"]
[EventCountry "ITA"]
[SourceTitle "CBM 179 Extra"]
[Source "ChessBase"]
[SourceDate "2017.08.23"]
[SourceVersion "1"]
[SourceVersionDate "2017.08.23"]
[SourceQuality "1"]

1. c4 e5 2. g3 d6 3. Bg2 f5 4. d4 Be7 5. dxe5 dxe5 6. Qxd8+ Bxd8 7. b3 a5 8. Bb2 Bf6 9. Nc3 c6 10. e4 Na6 11. Nf3 Nc5 12. 0-0 fxe4 13. Nd2 e3 14. fxe3 Bg5 15. Nde4 Bxe3+ 16. Kh1 Nd3 17. Ba3 Nb4 18. Nd6+ Ke7 19. Rf7+ Kxd6 20. Ne4+ Ke6 21. Rxg7 Ne7 22. Bh3+ Nf5 23. Rd1 Bd4 24. Rf1 Rf8 25. Rxh7 c5 26. g4 Ng3+ 27. hxg3 Rxf1+ 28. Bxf1 Nc2 29. Bh3 Ne3 30. Bc1 1-0

[Event "Verona op-A"]
[Site "Verona"]
[Date "2017.01.05"]
[Round "5"]
[White "Bernardi, Ruben"]
[Black "Molina, Fabrizio"]
[Result "0-1"]
[WhiteElo "2160"]
[BlackElo "2216"]
[PlyCount "102"]
[EventDate "2017.01.02"]
[EventType "swiss"]
[EventRounds "7"]
[EventCountry "ITA"]
[SourceTitle "CBM 176 Extra"]
[Source "ChessBase"]
[SourceDate "2017.03.02"]
[SourceVersion "1"]
[SourceVersionDate "2017.03.02"]
[SourceQuality "1"]

1. e4 e5 2. Nf3 Nc6 3. Bc4 Bc5 4. d3 Nf6 5. c3 a6 6. Bb3 d6 7. Nbd2 Ba7 8. 0-0 0-0 9. Re1 h6 10. Nf1 Re8 11. h3 Be6 12. N3h2 Qd7 13. Qf3 Bxb3 14. axb3 Qe6 15. b4 Ne7 16. Ng3 c6 17. Ng4 Nxg4 18. hxg4 d5 19. Nf5 Nxf5 20. gxf5 Qd6 21. g3 Rad8 22. Kg2 dxe4 23. dxe4 Qd3 24. Be3 Bxe3 25. Rxe3 Qd6 26. Rh1 Qf6 27. Rd1 Rxd1 28. Qxd1 Rd8 29. Rd3 Rxd3 30. Qxd3 Qe7 31. Kf3 Kf8 32. Ke2 Ke8 33. Qe3 Kd7 34. Kd1 Kc7 35. Kc2 Qd6 36. Qe2 Qf6 37. Qh5 Kd7 38. c4 Ke8 39. c5 Qd8 40. Qe2 Qd4 41. Kb3 Ke7 42. Qc2 Kf6 43. Ka3 g6 44. fxg6 fxg6 45. Qe2 a5 46. bxa5 Qxc5+ 47. b4 Qc3+ 48. Ka4 h5 49. Qd1 Qd4 50. Qf3+ Ke7 51. Qe2 c5 0-1

[Event "Verona op-A"]
[Site "Verona"]
[Date "2017.01.04"]
[Round "4"]
[White "Molina, Fabrizio"]
[Black "Caprino, Marco"]
[Result "1/2-1/2"]
[WhiteElo "2216"]
[BlackElo "2171"]
[PlyCount "100"]
[EventDate "2017.01.02"]
[EventType "swiss"]
[EventRounds "7"]
[EventCountry "ITA"]
[SourceTitle "CBM 176 Extra"]
[Source "ChessBase"]
[SourceDate "2017.03.02"]
[SourceVersion "1"]
[SourceVersionDate "2017.03.02"]
[SourceQuality "1"]

1. d4 g6 2. Nf3 Bg7 3. Bf4 c5 4. c3 cxd4 5. cxd4 d6 6. Nc3 Nf6 7. e4 0-0 8. h3 Nc6 9. d5 Nh5 10. Be3 Nb8 11. Rc1 e6 12. Qd2 exd5 13. Nxd5 Nc6 14. Bc4 Nf6 15. Nxf6+ Qxf6 16. 0-0 Be6 17. b3 Bxc4 18. Rxc4 Qe6 19. Rd1 Rfd8 20. Qd5 Rd7 21. Bf4 Qxd5 22. Rxd5 Rad8 23. Bg5 f6 24. Be3 Ne7 25. Rd1 b6 26. Rcd4 Kf7 27. R4d2 Nc6 28. Bf4 Ke7 29. Ne1 Ke6 30. Re2 Nb4 31. a3 Na6 32. Nc2 Rc8 33. b4 Nc7 34. a4 Ke7 35. Red2 Ne8 36. Ne3 Ke6 37. g4 Rc3 38. Rd3 Rxd3 39. Rxd3 Rc7 40. b5 Rc1+ 41. Kg2 Ra1 42. Rd4 Bf8 43. Rc4 Kd7 44. Nc2 Ra2 45. Nd4 Nc7 46. Nc6 Ne6 47. Be3 Nc5 48. Bxc5 dxc5 49. Nxa7 Bd6 50. Nc6 Ra3 1/2-1/2